<?xml version="1.0" encoding="UTF-8"?>
<record
    xmlns:xsi="http://www.w3.org/2001/XMLSchema-instance"
    xsi:schemaLocation="http://www.loc.gov/MARC21/slim http://www.loc.gov/standards/marcxml/schema/MARC21slim.xsd"
    xmlns="http://www.loc.gov/MARC21/slim">

  <leader>01148nam a22002777a 4500</leader>
  <controlfield tag="005">20150409103014.0</controlfield>
  <datafield tag="010" ind1=" " ind2=" ">
    <subfield code="a">BAC-EN21        ENG-111759</subfield>
  </datafield>
  <datafield tag="020" ind1=" " ind2=" ">
    <subfield code="a">9788121927857</subfield>
    <subfield code="c">425.00</subfield>
  </datafield>
  <datafield tag="020" ind1=" " ind2=" ">
    <subfield code="a">8121927854</subfield>
    <subfield code="c">425.00</subfield>
  </datafield>
  <datafield tag="035" ind1=" " ind2=" ">
    <subfield code="a">EN-95291</subfield>
  </datafield>
  <datafield tag="035" ind1=" " ind2=" ">
    <subfield code="a">B-591770-791</subfield>
  </datafield>
  <datafield tag="037" ind1=" " ind2=" ">
    <subfield code="b">UBH/Ven          </subfield>
    <subfield code="a">                                                                          dpl                                                                                                         </subfield>
  </datafield>
  <datafield tag="037" ind1=" " ind2=" ">
    <subfield code="b">DBAD/PUB</subfield>
  </datafield>
  <datafield tag="082" ind1=" " ind2=" ">
    <subfield code="a">587</subfield>
  </datafield>
  <datafield tag="100" ind1=" " ind2=" ">
    <subfield code="a">Vashishta, P.C.</subfield>
  </datafield>
  <datafield tag="245" ind1=" " ind2=" ">
    <subfield code="a">Pteridophyta :</subfield>
    <subfield code="b">vascular cryptogams : botany for degree students /</subfield>
    <subfield code="c">by P.C. Vashishta; revised by A. K. Sinha [and] Anil Kumar</subfield>
  </datafield>
  <datafield tag="250" ind1=" " ind2=" ">
    <subfield code="a">Multicolour illustrative ed</subfield>
  </datafield>
  <datafield tag="260" ind1=" " ind2=" ">
    <subfield code="a">New Delhi</subfield>
    <subfield code="b">S. Chand</subfield>
    <subfield code="c">2014(repr.)</subfield>
  </datafield>
  <datafield tag="270" ind1=" " ind2=" ">
    <subfield code="a">7361,Ram Nagar</subfield>
    <subfield code="b">New Delhi</subfield>
    <subfield code="e">110055</subfield>
  </datafield>
  <datafield tag="300" ind1=" " ind2=" ">
    <subfield code="a">xii,628p. :</subfield>
    <subfield code="b">col ill.</subfield>
    <subfield code="c">24cm(pbk)</subfield>
  </datafield>
  <datafield tag="500" ind1=" " ind2=" ">
    <subfield code="a">Includes bibliographical references</subfield>
  </datafield>
  <datafield tag="700" ind1=" " ind2=" ">
    <subfield code="a">Sinha, A.K.</subfield>
  </datafield>
  <datafield tag="700" ind1=" " ind2=" ">
    <subfield code="a">Anil Kumar</subfield>
  </datafield>
  <datafield tag="942" ind1=" " ind2=" ">
    <subfield code="2">ddc</subfield>
    <subfield code="c">EN</subfield>
    <subfield code="m">VAS</subfield>
    <subfield code="h">587</subfield>
  </datafield>
  <datafield tag="999" ind1=" " ind2=" ">
    <subfield code="c">89030</subfield>
    <subfield code="d">89030</subfield>
  </datafield>
  <datafield tag="952" ind1=" " ind2=" ">
    <subfield code="0">0</subfield>
    <subfield code="1">0</subfield>
    <subfield code="4">0</subfield>
    <subfield code="7">1</subfield>
    <subfield code="8">NFIC</subfield>
    <subfield code="a">DBAD</subfield>
    <subfield code="b">DBAD</subfield>
    <subfield code="d">2015-01-19</subfield>
    <subfield code="e">DBAD/PUB</subfield>
    <subfield code="g">425.00</subfield>
    <subfield code="l">0</subfield>
    <subfield code="o">587 VAS</subfield>
    <subfield code="p">EN-95291</subfield>
    <subfield code="r">2015-01-19 00:00:00</subfield>
    <subfield code="t">1</subfield>
    <subfield code="v">425.00</subfield>
    <subfield code="y">EN</subfield>
  </datafield>
  <datafield tag="952" ind1=" " ind2=" ">
    <subfield code="0">0</subfield>
    <subfield code="1">0</subfield>
    <subfield code="4">0</subfield>
    <subfield code="7">0</subfield>
    <subfield code="8">NFIC</subfield>
    <subfield code="a">L</subfield>
    <subfield code="b">L</subfield>
    <subfield code="d">2015-04-08</subfield>
    <subfield code="e">UBH/250/15.01.2015/190/08.12.2014/05.02.2015</subfield>
    <subfield code="g">425.00</subfield>
    <subfield code="l">21</subfield>
    <subfield code="m">7</subfield>
    <subfield code="o">587 VAS</subfield>
    <subfield code="p">B-591770</subfield>
    <subfield code="r">2024-08-20 00:00:00</subfield>
    <subfield code="s">2024-07-15</subfield>
    <subfield code="t">1</subfield>
    <subfield code="v">425.00</subfield>
    <subfield code="w">2015-04-08</subfield>
    <subfield code="y">EN</subfield>
  </datafield>
  <datafield tag="952" ind1=" " ind2=" ">
    <subfield code="0">0</subfield>
    <subfield code="1">0</subfield>
    <subfield code="4">0</subfield>
    <subfield code="7">0</subfield>
    <subfield code="8">NFIC</subfield>
    <subfield code="a">M</subfield>
    <subfield code="b">M</subfield>
    <subfield code="d">2015-04-08</subfield>
    <subfield code="e">UBH/250/15.01.2015/190/08.12.2014/05.02.2015</subfield>
    <subfield code="g">425.00</subfield>
    <subfield code="l">0</subfield>
    <subfield code="o">587 VAS</subfield>
    <subfield code="p">B-591771</subfield>
    <subfield code="r">2015-04-08 00:00:00</subfield>
    <subfield code="t">2</subfield>
    <subfield code="v">425.00</subfield>
    <subfield code="y">EN</subfield>
  </datafield>
  <datafield tag="952" ind1=" " ind2=" ">
    <subfield code="0">0</subfield>
    <subfield code="1">0</subfield>
    <subfield code="4">0</subfield>
    <subfield code="7">0</subfield>
    <subfield code="8">NFIC</subfield>
    <subfield code="a">M</subfield>
    <subfield code="b">M</subfield>
    <subfield code="d">2015-04-08</subfield>
    <subfield code="e">UBH/250/15.01.2015/190/08.12.2014/05.02.2015</subfield>
    <subfield code="g">425.00</subfield>
    <subfield code="l">0</subfield>
    <subfield code="o">587 VAS</subfield>
    <subfield code="p">B-591772</subfield>
    <subfield code="r">2015-04-08 00:00:00</subfield>
    <subfield code="t">2</subfield>
    <subfield code="v">425.00</subfield>
    <subfield code="y">EN</subfield>
  </datafield>
  <datafield tag="952" ind1=" " ind2=" ">
    <subfield code="0">0</subfield>
    <subfield code="1">0</subfield>
    <subfield code="4">0</subfield>
    <subfield code="7">0</subfield>
    <subfield code="8">NFIC</subfield>
    <subfield code="a">NPL</subfield>
    <subfield code="b">NPL</subfield>
    <subfield code="d">2015-04-08</subfield>
    <subfield code="e">UBH/250/15.01.2015/190/08.12.2014/05.02.2015</subfield>
    <subfield code="g">425.00</subfield>
    <subfield code="l">0</subfield>
    <subfield code="o">587 VAS</subfield>
    <subfield code="p">B-591773</subfield>
    <subfield code="r">2015-04-08 00:00:00</subfield>
    <subfield code="t">1</subfield>
    <subfield code="v">425.00</subfield>
    <subfield code="y">EN</subfield>
  </datafield>
  <datafield tag="952" ind1=" " ind2=" ">
    <subfield code="0">0</subfield>
    <subfield code="1">0</subfield>
    <subfield code="4">0</subfield>
    <subfield code="7">0</subfield>
    <subfield code="8">NFIC</subfield>
    <subfield code="a">BL1</subfield>
    <subfield code="b">BL1</subfield>
    <subfield code="d">2015-04-08</subfield>
    <subfield code="e">UBH/250/15.01.2015/190/08.12.2014/05.02.2015</subfield>
    <subfield code="g">425.00</subfield>
    <subfield code="l">0</subfield>
    <subfield code="o">587 VAS</subfield>
    <subfield code="p">B-591774</subfield>
    <subfield code="r">2015-04-08 00:00:00</subfield>
    <subfield code="t">1</subfield>
    <subfield code="v">425.00</subfield>
    <subfield code="y">EN</subfield>
  </datafield>
  <datafield tag="952" ind1=" " ind2=" ">
    <subfield code="0">0</subfield>
    <subfield code="1">0</subfield>
    <subfield code="4">0</subfield>
    <subfield code="7">0</subfield>
    <subfield code="8">NFIC</subfield>
    <subfield code="a">KGM</subfield>
    <subfield code="b">KGM</subfield>
    <subfield code="d">2015-04-08</subfield>
    <subfield code="e">UBH/250/15.01.2015/190/08.12.2014/05.02.2015</subfield>
    <subfield code="g">425.00</subfield>
    <subfield code="l">0</subfield>
    <subfield code="o">587 VAS</subfield>
    <subfield code="p">B-591775</subfield>
    <subfield code="r">2015-04-08 00:00:00</subfield>
    <subfield code="t">1</subfield>
    <subfield code="v">425.00</subfield>
    <subfield code="y">EN</subfield>
  </datafield>
  <datafield tag="952" ind1=" " ind2=" ">
    <subfield code="0">0</subfield>
    <subfield code="1">0</subfield>
    <subfield code="4">0</subfield>
    <subfield code="7">0</subfield>
    <subfield code="8">NFIC</subfield>
    <subfield code="a">PR</subfield>
    <subfield code="b">PR</subfield>
    <subfield code="d">2015-04-08</subfield>
    <subfield code="e">UBH/250/15.01.2015/190/08.12.2014/05.02.2015</subfield>
    <subfield code="g">425.00</subfield>
    <subfield code="l">0</subfield>
    <subfield code="o">587 VAS</subfield>
    <subfield code="p">B-591776</subfield>
    <subfield code="r">2015-04-08 00:00:00</subfield>
    <subfield code="t">1</subfield>
    <subfield code="v">425.00</subfield>
    <subfield code="y">EN</subfield>
  </datafield>
  <datafield tag="952" ind1=" " ind2=" ">
    <subfield code="0">0</subfield>
    <subfield code="1">0</subfield>
    <subfield code="4">0</subfield>
    <subfield code="7">0</subfield>
    <subfield code="8">NFIC</subfield>
    <subfield code="a">TN</subfield>
    <subfield code="b">TN</subfield>
    <subfield code="d">2015-04-08</subfield>
    <subfield code="e">UBH/250/15.01.2015/190/08.12.2014/05.02.2015</subfield>
    <subfield code="g">425.00</subfield>
    <subfield code="l">1</subfield>
    <subfield code="o">587 VAS</subfield>
    <subfield code="p">B-591777</subfield>
    <subfield code="r">2024-06-13 00:00:00</subfield>
    <subfield code="s">2023-10-04</subfield>
    <subfield code="t">1</subfield>
    <subfield code="v">425.00</subfield>
    <subfield code="y">EN</subfield>
  </datafield>
  <datafield tag="952" ind1=" " ind2=" ">
    <subfield code="0">0</subfield>
    <subfield code="1">0</subfield>
    <subfield code="4">0</subfield>
    <subfield code="7">0</subfield>
    <subfield code="8">NFIC</subfield>
    <subfield code="a">JP</subfield>
    <subfield code="b">JP</subfield>
    <subfield code="d">2015-04-08</subfield>
    <subfield code="e">UBH/250/15.01.2015/190/08.12.2014/05.02.2015</subfield>
    <subfield code="g">425.00</subfield>
    <subfield code="l">2</subfield>
    <subfield code="m">1</subfield>
    <subfield code="o">587 VAS</subfield>
    <subfield code="p">B-591778</subfield>
    <subfield code="r">2020-12-22 00:00:00</subfield>
    <subfield code="s">2020-11-23</subfield>
    <subfield code="t">1</subfield>
    <subfield code="v">425.00</subfield>
    <subfield code="y">EN</subfield>
  </datafield>
  <datafield tag="952" ind1=" " ind2=" ">
    <subfield code="0">0</subfield>
    <subfield code="1">0</subfield>
    <subfield code="4">0</subfield>
    <subfield code="7">0</subfield>
    <subfield code="8">NFIC</subfield>
    <subfield code="a">ZLS</subfield>
    <subfield code="b">ZLS</subfield>
    <subfield code="d">2015-04-08</subfield>
    <subfield code="e">UBH/250/15.01.2015/190/08.12.2014/05.02.2015</subfield>
    <subfield code="g">425.00</subfield>
    <subfield code="l">3</subfield>
    <subfield code="m">2</subfield>
    <subfield code="o">587 VAS</subfield>
    <subfield code="p">B-591779</subfield>
    <subfield code="r">2020-06-05 00:00:00</subfield>
    <subfield code="s">2020-03-04</subfield>
    <subfield code="t">1</subfield>
    <subfield code="v">425.00</subfield>
    <subfield code="y">EN</subfield>
  </datafield>
  <datafield tag="952" ind1=" " ind2=" ">
    <subfield code="0">0</subfield>
    <subfield code="1">0</subfield>
    <subfield code="4">0</subfield>
    <subfield code="7">0</subfield>
    <subfield code="8">NFIC</subfield>
    <subfield code="a">BN</subfield>
    <subfield code="b">BN</subfield>
    <subfield code="d">2015-04-08</subfield>
    <subfield code="e">UBH/250/15.01.2015/190/08.12.2014/05.02.2015</subfield>
    <subfield code="g">425.00</subfield>
    <subfield code="l">1</subfield>
    <subfield code="o">587 VAS</subfield>
    <subfield code="p">B-591780</subfield>
    <subfield code="r">2022-01-14 00:00:00</subfield>
    <subfield code="s">2021-12-31</subfield>
    <subfield code="t">1</subfield>
    <subfield code="v">425.00</subfield>
    <subfield code="y">EN</subfield>
  </datafield>
  <datafield tag="952" ind1=" " ind2=" ">
    <subfield code="0">0</subfield>
    <subfield code="1">0</subfield>
    <subfield code="4">0</subfield>
    <subfield code="7">0</subfield>
    <subfield code="8">NFIC</subfield>
    <subfield code="a">ZLS</subfield>
    <subfield code="b">ZLS</subfield>
    <subfield code="d">2015-04-08</subfield>
    <subfield code="e">UBH/250/15.01.2015/190/08.12.2014/05.02.2015</subfield>
    <subfield code="g">425.00</subfield>
    <subfield code="l">1</subfield>
    <subfield code="m">1</subfield>
    <subfield code="o">587 VAS</subfield>
    <subfield code="p">B-591781</subfield>
    <subfield code="r">2019-12-04 00:00:00</subfield>
    <subfield code="s">2019-11-16</subfield>
    <subfield code="t">1</subfield>
    <subfield code="v">425.00</subfield>
    <subfield code="y">EN</subfield>
  </datafield>
  <datafield tag="952" ind1=" " ind2=" ">
    <subfield code="0">0</subfield>
    <subfield code="1">0</subfield>
    <subfield code="4">0</subfield>
    <subfield code="7">0</subfield>
    <subfield code="8">NFIC</subfield>
    <subfield code="a">QRP</subfield>
    <subfield code="b">QRP</subfield>
    <subfield code="d">2015-04-08</subfield>
    <subfield code="e">UBH/250/15.01.2015/190/08.12.2014/05.02.2015</subfield>
    <subfield code="g">425.00</subfield>
    <subfield code="l">0</subfield>
    <subfield code="o">587 VAS</subfield>
    <subfield code="p">B-591782</subfield>
    <subfield code="r">2015-04-08 00:00:00</subfield>
    <subfield code="t">1</subfield>
    <subfield code="v">425.00</subfield>
    <subfield code="y">EN</subfield>
  </datafield>
  <datafield tag="952" ind1=" " ind2=" ">
    <subfield code="0">0</subfield>
    <subfield code="1">0</subfield>
    <subfield code="4">0</subfield>
    <subfield code="7">0</subfield>
    <subfield code="8">NFIC</subfield>
    <subfield code="a">VP</subfield>
    <subfield code="b">VP</subfield>
    <subfield code="d">2015-04-08</subfield>
    <subfield code="e">UBH/250/15.01.2015/190/08.12.2014/05.02.2015</subfield>
    <subfield code="g">425.00</subfield>
    <subfield code="l">7</subfield>
    <subfield code="m">4</subfield>
    <subfield code="o">587 VAS</subfield>
    <subfield code="p">B-591783</subfield>
    <subfield code="r">2019-12-16 00:00:00</subfield>
    <subfield code="s">2019-12-05</subfield>
    <subfield code="t">1</subfield>
    <subfield code="v">425.00</subfield>
    <subfield code="y">EN</subfield>
  </datafield>
  <datafield tag="952" ind1=" " ind2=" ">
    <subfield code="0">0</subfield>
    <subfield code="1">0</subfield>
    <subfield code="4">0</subfield>
    <subfield code="7">0</subfield>
    <subfield code="8">NFIC</subfield>
    <subfield code="a">BL3</subfield>
    <subfield code="b">BL3</subfield>
    <subfield code="d">2015-04-08</subfield>
    <subfield code="e">UBH/250/15.01.2015/190/08.12.2014/05.02.2015</subfield>
    <subfield code="g">425.00</subfield>
    <subfield code="l">0</subfield>
    <subfield code="o">587 VAS</subfield>
    <subfield code="p">B-591784</subfield>
    <subfield code="r">2015-04-08 00:00:00</subfield>
    <subfield code="t">1</subfield>
    <subfield code="v">425.00</subfield>
    <subfield code="y">EN</subfield>
  </datafield>
  <datafield tag="952" ind1=" " ind2=" ">
    <subfield code="0">0</subfield>
    <subfield code="1">0</subfield>
    <subfield code="4">0</subfield>
    <subfield code="7">0</subfield>
    <subfield code="8">NFIC</subfield>
    <subfield code="a">NRR</subfield>
    <subfield code="b">NRR</subfield>
    <subfield code="d">2015-04-08</subfield>
    <subfield code="e">UBH/250/15.01.2015/190/08.12.2014/05.02.2015</subfield>
    <subfield code="g">425.00</subfield>
    <subfield code="l">0</subfield>
    <subfield code="o">587 VAS</subfield>
    <subfield code="p">B-591785</subfield>
    <subfield code="r">2015-04-08 00:00:00</subfield>
    <subfield code="t">1</subfield>
    <subfield code="v">425.00</subfield>
    <subfield code="y">EN</subfield>
  </datafield>
  <datafield tag="952" ind1=" " ind2=" ">
    <subfield code="0">0</subfield>
    <subfield code="1">0</subfield>
    <subfield code="4">0</subfield>
    <subfield code="7">0</subfield>
    <subfield code="8">NFIC</subfield>
    <subfield code="a">BKK</subfield>
    <subfield code="b">BKK</subfield>
    <subfield code="d">2015-04-08</subfield>
    <subfield code="e">UBH/250/15.01.2015/190/08.12.2014/05.02.2015</subfield>
    <subfield code="g">425.00</subfield>
    <subfield code="l">0</subfield>
    <subfield code="o">587 VAS</subfield>
    <subfield code="p">B-591786</subfield>
    <subfield code="r">2015-04-08 00:00:00</subfield>
    <subfield code="t">1</subfield>
    <subfield code="v">425.00</subfield>
    <subfield code="y">EN</subfield>
  </datafield>
  <datafield tag="952" ind1=" " ind2=" ">
    <subfield code="0">0</subfield>
    <subfield code="1">0</subfield>
    <subfield code="4">0</subfield>
    <subfield code="7">0</subfield>
    <subfield code="8">NFIC</subfield>
    <subfield code="a">NR</subfield>
    <subfield code="b">NR</subfield>
    <subfield code="d">2015-04-08</subfield>
    <subfield code="e">UBH/250/15.01.2015/190/08.12.2014/05.02.2015</subfield>
    <subfield code="g">425.00</subfield>
    <subfield code="l">0</subfield>
    <subfield code="o">587 VAS</subfield>
    <subfield code="p">B-591787</subfield>
    <subfield code="r">2015-04-08 00:00:00</subfield>
    <subfield code="t">1</subfield>
    <subfield code="v">425.00</subfield>
    <subfield code="y">EN</subfield>
  </datafield>
  <datafield tag="952" ind1=" " ind2=" ">
    <subfield code="0">0</subfield>
    <subfield code="1">0</subfield>
    <subfield code="4">0</subfield>
    <subfield code="7">0</subfield>
    <subfield code="8">NFIC</subfield>
    <subfield code="a">BN</subfield>
    <subfield code="b">BN</subfield>
    <subfield code="d">2015-04-08</subfield>
    <subfield code="e">UBH/250/15.01.2015/190/08.12.2014/05.02.2015</subfield>
    <subfield code="g">425.00</subfield>
    <subfield code="l">1</subfield>
    <subfield code="o">587 VAS</subfield>
    <subfield code="p">B-591788</subfield>
    <subfield code="r">2022-08-31 00:00:00</subfield>
    <subfield code="s">2022-08-26</subfield>
    <subfield code="t">1</subfield>
    <subfield code="v">425.00</subfield>
    <subfield code="y">EN</subfield>
  </datafield>
  <datafield tag="952" ind1=" " ind2=" ">
    <subfield code="0">0</subfield>
    <subfield code="1">0</subfield>
    <subfield code="4">0</subfield>
    <subfield code="7">0</subfield>
    <subfield code="8">NFIC</subfield>
    <subfield code="a">RC3</subfield>
    <subfield code="b">RC3</subfield>
    <subfield code="d">2015-04-08</subfield>
    <subfield code="e">UBH/250/15.01.2015/190/08.12.2014/05.02.2015</subfield>
    <subfield code="g">425.00</subfield>
    <subfield code="l">0</subfield>
    <subfield code="o">587 VAS</subfield>
    <subfield code="p">B-591789</subfield>
    <subfield code="r">2015-04-08 00:00:00</subfield>
    <subfield code="t">3</subfield>
    <subfield code="v">425.00</subfield>
    <subfield code="y">EN</subfield>
  </datafield>
  <datafield tag="952" ind1=" " ind2=" ">
    <subfield code="0">0</subfield>
    <subfield code="1">5</subfield>
    <subfield code="4">0</subfield>
    <subfield code="7">0</subfield>
    <subfield code="8">NFIC</subfield>
    <subfield code="a">RC3</subfield>
    <subfield code="b">RC3</subfield>
    <subfield code="d">2015-04-08</subfield>
    <subfield code="e">UBH/250/15.01.2015/190/08.12.2014/05.02.2015</subfield>
    <subfield code="g">425.00</subfield>
    <subfield code="l">0</subfield>
    <subfield code="o">587 VAS</subfield>
    <subfield code="p">B-591790</subfield>
    <subfield code="r">2015-04-08 00:00:00</subfield>
    <subfield code="t">3</subfield>
    <subfield code="v">425.00</subfield>
    <subfield code="y">EN</subfield>
  </datafield>
  <datafield tag="952" ind1=" " ind2=" ">
    <subfield code="0">0</subfield>
    <subfield code="1">0</subfield>
    <subfield code="4">0</subfield>
    <subfield code="7">0</subfield>
    <subfield code="8">NFIC</subfield>
    <subfield code="a">RC3</subfield>
    <subfield code="b">RC3</subfield>
    <subfield code="d">2015-04-08</subfield>
    <subfield code="e">UBH/250/15.01.2015/190/08.12.2014/05.02.2015</subfield>
    <subfield code="g">425.00</subfield>
    <subfield code="l">0</subfield>
    <subfield code="o">587 VAS</subfield>
    <subfield code="p">B-591791</subfield>
    <subfield code="r">2015-04-08 00:00:00</subfield>
    <subfield code="t">3</subfield>
    <subfield code="v">425.00</subfield>
    <subfield code="y">EN</subfield>
  </datafield>
</record>
